[Event "Lvov Cup of Galychina"]
[Site "Lvov"]
[Date "2001.12.20"]
[Round "2"]
[White "Efimenko, Zahar"]
[Black "Golod, Vitali"]
[Result "0-1"]
[WhiteElo "2523"]
[BlackElo "2517"]
[Annotator "Golod,V"]
[PlyCount "82"]
[EventDate "2001.12.18"]
[EventType "tourn"]
[EventRounds "11"]
[EventCountry "UKR"]
[EventCategory "11"]
[SourceTitle "CBM 087"]
[Source "ChessBase"]
[SourceDate "2002.03.21"]
[SourceVersion "1"]
[SourceVersionDate "2002.03.21"]
[SourceQuality "1"]

1. e4 c5 2. Nf3 d6 3. d4 cxd4 4. Nxd4 Nf6 5. Nc3 e6 6. Be2 Be7 7. O-O a6 8. f4
Qc7 9. Kh1 ({You can look my commented game in the other branching-} 9. Be3 {
of this variant: Arizmendi Martinez,J-Golod,V/Ubeda,2001/CBM 80 (0-1)(Golod,V)
(55)}) 9... O-O 10. Qe1 {This variant does not put serious problems before the
black.} (10. a4 $5 {It's main line.}) 10... b5 ({Is a possible continuation of
the play:} 10... Nc6 11. Be3 Bd7 {See comments to Karpov,A-Ljubojevic,L/Buenos
Aires,1994/CBM 44(1-0) (Ftacnik,L)(46)}) 11. Bf3 Bb7 12. e5 Ne8 $5 (12... dxe5
$143 13. fxe5 Nfd7 14. Qg3 $36 {See comments to Beliavsky,A-Ribli,Z/Leningrad,
1977(1-0)(Moiseev)(35)}) 13. Bxb7 ({More essentially:} 13. f5 $5 dxe5 14. fxe6
Bxf3 (14... exd4 $2 15. Nd5 $16) 15. exf7+ Rxf7 16. Nxf3 Nd7 17. Bg5 Bf8 18.
Bh4 (18. a3 Nd6 19. Nd2 Rxf1+ 20. Qxf1 Qc6 21. Re1 Re8 $11 {1/2-1/2 Karpov,
A-Kasparov,G/Moscow,1985 (21)}) 18... Nd6 19. Rd1 Rc8 20. Bf2 h6 21. Nd2 Qc6
22. a3 Nc4 23. Nxc4 Qxc4 24. Rd3 Nf6 25. Bg1 Re8 $11 {Haba,P-Lechtynsky,J/
Prague,1986(1/2-1/2) (43)}) ({Dubiously:} 13. Qg3 {because of:} Nd7 14. Bd2 Nb6
{[%csl Rc4][%cal Gb6c4]} 15. b3 Rd8 {[%csl Rd4]} 16. Nce2 Nd7 $1 {[%csl Rc2,
Re5] =/=/+ Gazik,I-Stohl,I/SVK,2000(0-1)(39)}) 13... Qxb7 14. f5 dxe5 15. Qxe5
Bf6 ({Very badly:} 15... Nc6 $4 {in view of:} 16. Qe4 $16 {[%csl Rc6,Re6]}) 16.
Qe3 Nc6 $5 {This position I considered at home, before some hours prior to the
beginning a game.} ({Also it deserves attention:} 16... Bxd4 17. Qxd4 Nc6 18.
Qc5 b4 19. Ne2 exf5 20. Qxf5 Nd6 21. Qf3 Rfe8 $11 {1/2-1/2 Mueller,K-Ribli,Z/
Altensteig,1992(21)}) 17. Nb3 $6 $146 ({Was checked in the previous game:} 17.
Nxc6 $5 Qxc6 18. fxe6 fxe6 (18... Qxe6 $5 $11) 19. Ne4 Qxc2 20. Bd2 Rd8 21.
Nxf6+ Rxf6 22. Rxf6 Nxf6 23. Qxe6+ Kh8 24. Bc3 b4 $1 {[%csl Rb2,Yc3,Rh1]} 25.
Qe7 Rd1+ 26. Rxd1 Qxd1+ 27. Qe1 Qd5 28. Bxb4 Qxa2 29. Bc3 Qd5 30. Bxf6 {
1/2-1/2 Nevednichy,B-Mikhalchishin,A/URS,1979 (30)}) 17... exf5 ({Senselessly:
} 17... Nb4 {because of:} 18. Qe2 $11 {[%csl Ye2][%cal Ye2c2]}) 18. Rxf5 Rd8 {
[%csl Yc3,Rh1][%cal Gf6c3,Gd8d1]} (18... Nd6 $4 {is refuted by:} 19. Rxf6 $1
gxf6 20. Qg3+ $18 {[%csl Rd6,Rg8]}) 19. Rf1 {This move is much better,than:} (
19. Qf3 Bxc3 20. bxc3 Nd6 $15) ({or} 19. Bd2 Nd4 20. Nxd4 (20. Rxf6 $2 Nxc2 21.
Rb6 Qa7 $19 {[%csl Ra1,Rb6]}) 20... Bxd4 21. Qf3 Qxf3 22. Rxf3 Nd6 $15 {
[%cal Gd6c4]}) 19... Nd4 ({After:} 19... Nd6 $6 {my contender has a tactical
resource:} 20. Rxf6 $1 gxf6 21. Nd5 Ne8 $140 22. Nxf6+ $1 Kh8 $8 (22... Nxf6 $4
23. Qg5+ Kh8 24. Qxf6+ Kg8 25. Bh6 $18 {[%csl Rg8][%cal Gf6g7]}) 23. Bd2 $1 $40
{[%cal Gd2c3]}) 20. Nxd4 ({Already does not pass:} 20. Rxf6 $4 {in view of:}
Nxf6 21. Nxd4 Rfe8 {[%csl Rh1]} 22. Qf2 $140 Rxd4 $1 23. Qxd4 Re1+ 24. Qg1
Rxg1+ 25. Kxg1 b4 $19) 20... Bxd4 21. Qg3 $6 {Zahar Efimenko,after a loss in
the first round, continues to play on a win. He, already,should think of
achievement of equality:} (21. Qe4 Qxe4 22. Nxe4 Nf6 23. Nxf6+ Bxf6 24. c3 Rfe8
25. a4 $11) 21... Qc6 $1 $15 {[%csl Rc2] I take under the control- weakness of
white - pawn "c2".} 22. Ne2 $6 {White accept the very dubious decision!} ({
Can be recommended:} 22. Qf3 Qxf3 23. gxf3 Bxc3 (23... Nd6 $5) 24. bxc3 Nc7 25.
a4 $15) (22. Bg5 $6 f6 23. Bf4 b4 {[%csl Rb2,Rc2]}) 22... Qxc2 {I accept a
call!} 23. Nxd4 Rxd4 24. Be3 Rd3 25. Qe5 $1 {[%csl Rb2,Ye5][%cal Ye5b2]} Nf6 ({
Impossibly:} 25... Nd6 $4 {/\Nc4 because of:} 26. Bd4 {[%csl Rd6,Rg7]} Ne8 27.
Bc5 $16 {[%csl Rf8]}) 26. Rac1 ({During a game I was afraid:} 26. Rxf6 $5 gxf6
27. Qxf6 Rd1+ 28. Rxd1 Qxd1+ 29. Bg1 Qc2 30. Qxa6 Qxb2 $15) 26... Qe2 27. Rce1
Qh5 $1 ({Unfortunately,does not pass:} 27... Rd5 $2 {because of:} 28. Qxf6 $1
Qxe3 $8 (28... Qxe1 $140 $4 29. Qf3 {[%csl Rd5,Re1]} Rd1 (29... Qxf1+ 30. Qxf1
Rfd8 31. Qf4 $16 {[%csl Ye3]}) 30. Rxe1 Rxe1+ 31. Bg1 Rd8 32. h3 {[%csl Rg8]}
h6 33. Kh2 $16) 29. Rxe3 gxf6 30. Rg3+ Kh8 31. Rgf3 $11) 28. Qxh5 ({A little
worse is:} 28. Rf5 Rd1 29. Rxh5 (29. Rxd1 $143 Qxd1+ 30. Bg1 Rc8 $17) 29...
Rxe1+ 30. Bg1 Rxe5 31. Rxe5 Rd8 $17) 28... Nxh5 29. Bc5 Rc8 ({After:} 29...
Rfd8 $2 30. g4 $1 Nf6 $140 31. Be7 {[%csl Rd8,Rf6]} Re8 32. Bxf6 Rxe1 33. Rxe1
gxf6 {I save a minimal advantage in the endgame.}) 30. Re7 Nf6 31. Ra7 h6 32.
b4 $6 (32. Bg1 $142) 32... Ra3 $1 {[%csl Ra2][%cal Ya3a6] Here my rook
occupies an excellent position!} 33. h3 $2 ({It was necessary:} 33. Rf2 Rd8 (
33... a5 $143 34. h3 axb4 35. Rxa3 bxa3 36. Bxa3 {-/+/=/+}) 34. h3 Rd7 35. Ra8+
Kh7 36. Re2 $17) 33... Rxa2 34. Re1 Rd8 35. Be7 ({Playing 33.h3 my contender,
thought that is possibly:} 35. Ree7 {but,it's badly:} Rd1+ 36. Kh2 $140 Rdd2
37. Rxf7 Rxg2+ 38. Kh1 Ne4 $19 {[%csl Rh1]}) 35... Re8 $19 36. Rd1 Nh5 $1 {
[%csl Rg2,Rh3][%cal Gh5f4]} 37. Rd3 $2 $138 {Again tactical blunder.} Rxg2 $1
38. Rf3 ({Also loses:} 38. Kxg2 Nf4+ 39. Kf3 Nxd3 40. Ke4 $140 $2 Nxb4 {
[%csl Re4,Ge8]}) ({and} 38. Rd8 Rxd8 39. Bxd8 (39. Kxg2 Rd3 $19 {[%cal Gh5f4]})
39... Ra2 40. Ba5 Ng3+ 41. Kg1 f5 42. Rxa6 f4 $19) 38... Rg3 39. Rxg3 Nxg3+ 40.
Kg2 Nf5 41. Bc5 Re6 {[%csl Ye6][%cal Ye6a6] The further resistance is useless.}
0-1

[Event "Hoogovens"]
[Site "Wijk aan Zee"]
[Date "1997.01.22"]
[Round "4"]
[White "Illescas Cordoba, Miguel"]
[Black "Granda Zuniga, Julio E"]
[Result "1-0"]
[WhiteElo "2635"]
[BlackElo "2620"]
[Annotator "Hansen,Cu"]
[PlyCount "79"]
[EventDate "1997.01.18"]
[EventType "tourn"]
[EventRounds "13"]
[EventCountry "NED"]
[EventCategory "16"]
[SourceTitle "CBM 057"]
[Source "ChessBase"]
[SourceDate "1997.04.01"]
[SourceVersion "1"]
[SourceVersionDate "1997.04.01"]
[SourceQuality "1"]

1. Nf3 {Boensch} c5 2. e4 Nc6 3. d4 cxd4 4. Nxd4 Nf6 5. Nc3 d6 6. Be2 e6 7. O-O
Be7 8. Kh1 O-O 9. f4 a6 $6 {This move has been known to be dubious since the
mid 80´s. The result in this game confims this evaluation. Black could have
played better but it was white who first missed a good chance...} 10. Nxc6 (10.
Be3 {Boensch} e5 11. Nxc6 bxc6 12. fxe5 dxe5 13. Bd3 Be6 $10 14. Na4 Nd7 15.
Qe2 Bg5 16. Bg1 Bf4 17. Bc4 Qe7 18. Rad1 a5 19. b3 $14 {Bologan,V-Polgar,J/
Erevan olm 1996/0-1 (62)}) 10... bxc6 11. e5 (11. Bd3 {Boensch} e5 12. fxe5
dxe5 13. Qe2 Bg4 14. Qf2 Be6 15. Qg3 Nd7 16. Na4 Kh8 17. Be3 Bh4 18. Qf3 Bg5
$11 {Wolf,V-Fahnenschmidt,G/BL8586 1986/1/2-1/2 (63)}) (11. Bf3 {Boensch} Qc7
12. Na4 Bb7 (12... a5 $1 13. Be3 Ba6 14. Rf2 d5 15. Rd2 Rfe8 16. e5 Nd7 17. Rc1
Rad8 18. Be2 Bxe2 19. Qxe2 c5 $15 {Zapata,A-Stohl,I/Manila izt/1990/ (21)}) 13.
c4 c5 14. Qe2 Nd7 15. Be3 Rad8 $11 {0-1 Mokry,K-Polgar,Z/Brno 1991 (35)}) 11...
dxe5 (11... Ne8 {Boensch} 12. Bd3 Qc7 (12... d5 13. Na4 c5 14. c4 d4 15. b3 Bb7
16. Qe2 g6 17. Nb2 Ng7 18. Nd1 Nf5 19. Nf2 h5 20. Ne4 Kg7 21. Bd2 $14 {
Vratonjic,S-Arbakov,V/Katowice op 1991/0-1 (47)}) 13. Qe2 (13. Qe1 c5 14. f5 (
14. Qe4 g6 15. Qxa8 Bb7 16. Nd5 $8 exd5 17. Qa7 c4 18. Be2 dxe5 19. Qe3 $13)
14... exf5 15. Nd5 Qb7 16. exd6 Bxd6 17. Ne3 g6 18. Nc4 Be7 19. Bh6 Ng7 20. Qc3
$44 {1-0 Topalov,V-Nutiu,H/WchJ-U16 Singapore 1990 (36)}) 13... g6 14. exd6
Nxd6 15. b3 Bf6 16. Bb2 Bg7 17. Na4 Bxb2 18. Nxb2 c5 19. Rae1 Bb7 $11 {Van der
Wiel,J-Jansa,V/Biel izt 1985/1-0 (59)}) 12. fxe5 Qxd1 13. Rxd1 Nd7 (13... Nd5 {
Boensch} 14. Ne4 c5 15. Nd6 Bxd6 16. exd6 Bb7 17. a3 Rfd8 18. c4 Nf6 19. Be3
Ne4 20. d7 Bc6 21. Bf3 Ra7 $15 {Bielczyk,J-Borkowski,F/Porabka 1987/0-1 (48)})
14. Bf4 Rd8 (14... f6 {Boensch} 15. exf6 Nxf6 16. Bd6 Ra7 17. Bf3 Nd5 $11 {
1-0 Friedrich,N-Kassebaum,R/NRW-Hessen 1991 (38)}) 15. Ne4 (15. Bf3 Rb8 16. b3
c5 {does not seem to make a big difference compared to the game.}) 15... Rb8
16. b3 a5 17. Bf3 Ba6 $5 (17... Bb7 18. Nd6 Ba8 19. Nc4 a4 20. Bd2 Nc5 21. Ba5
Rxd1+ 22. Rxd1 axb3 23. axb3 $16 {Gaprindashvili,N-Belavenets,L/Ch URS w
Tbilisi 1979 (40)}) 18. Nd6 c5 {[%cal Ya5a4,Yc5c4] Blacks wants to exchange
some of his pawns on the queenside by playing a5-a4, c5-c4 or maybe both.} (
18... f6 {Boensch} 19. exf6 Bxf6 20. Ne4 Be5 $13) 19. c4 (19. Rd2 $5) 19... a4
(19... Rb6 {Boensch} 20. Nb5 Bxb5 21. cxb5 Rxb5 22. Bc6 Rb4 23. Bd2 Nxe5 $132)
20. Bc6 axb3 21. axb3 Rb6 22. Bb5 $4 {After this black should have no problems.
However white missed a relatively obvious combination:} (22. Nxf7 $1 Kxf7 23.
Bxd7 Rxb3 (23... g5 24. Bg3 h5 25. h3 $16) 24. Bxe6+ (24. Rxa6 Rxd7 $11) 24...
Kxe6 25. Rxa6+ Kf5 26. Rf1 $16) 22... g5 (22... Bxb5 23. Nxb5 Rb7 $11 {This
seems to be a quite solid setup. White has better pieces but also a backward
b-pawn. Black has no pawn-weakneses any more.}) 23. Be3 (23. Bxa6 {Boensch}
gxf4 (23... Bxd6 24. Bxg5 $16) 24. Nc8 Rxc8 (24... Rxa6 25. Nxe7+ Kf8 26. Rxa6
Kxe7 27. Rad6 $18) 25. Bxc8 Nxe5 26. Ra7 Z0 27. Rb7 $140 $14) 23... Bxb5 (23...
Bxd6 {Boensch} 24. Bxg5 (24. Rxd6 Bxb5 25. cxb5 Rxd6 (25... Rxb5 26. Bxg5 $18)
26. exd6 $16) 24... f6 25. exf6 Kf7 $14) 24. Nxb5 Rbb8 (24... Rb7 $5) 25. Ra7
Nxe5 26. Rxd8+ Rxd8 $4 (26... Bxd8 27. Bxc5 {This seems frightening for black
because of white to passed Ps. However after} Bb6 $1 28. Bxb6 Rxb6 {I am not
sure if white is rearly better. The textmove 26. - Rxd8 is a bad blunder}) 27.
Rxe7 $18 Rd1+ 28. Bg1 g4 (28... Nd3 {Boensch} 29. g3 Ne5 30. Kg2 Rd2+ 31. Kf1
Rd1+ 32. Kf2 $18) 29. Nc3 Re1 30. Re8+ Kg7 31. Rd8 Rc1 32. Ne4 h5 33. Nxc5 h4
34. Nd3 Nxd3 (34... Rd1 {Boensch} 35. Nxe5 Rxd8 36. b4 $18) 35. Rxd3 e5 36. b4
f5 (36... Rxc4 {Boensch} 37. Rb3 $18) 37. b5 f4 38. b6 e4 39. b7 Rb1 40. Rd7+ (
40. Rd7+ {Boensch} Kf6 41. Rd6+ Ke5 42. Rb6 $18) 1-0

[Event "RUS Cup final 6th"]
[Site "Nefteyugansk"]
[Date "2002.10.12"]
[Round "9"]
[White "Kazakov, Peter"]
[Black "Bocharov, Dmitry"]
[Result "0-1"]
[WhiteElo "2424"]
[BlackElo "2502"]
[Annotator "Hecht,H"]
[PlyCount "90"]
[EventDate "2002.10.06"]
[EventType "tourn"]
[EventRounds "11"]
[EventCountry "RUS"]
[EventCategory "11"]
[SourceTitle "CBM 092"]
[Source "ChessBase"]
[SourceDate "2003.02.06"]
[SourceVersion "1"]
[SourceVersionDate "2003.02.06"]
[SourceQuality "1"]

1. e4 c5 2. Nf3 e6 3. Nc3 a6 4. d4 cxd4 5. Nxd4 Nc6 6. Be2 Qc7 7. O-O Nf6 8.
Kh1 Be7 9. f4 d6 10. Bf3 O-O 11. e5 dxe5 12. Nxc6 bxc6 13. fxe5 Nd5 14. Qe1
Nxc3 15. Qxc3 Bb7 16. Be3 c5 17. Bxb7 Qxb7 18. b3 Rad8 19. Bf4 Rd4 20. Qg3 Qe4
21. c4 Rfd8 22. Rae1 Qb7 23. Qf2 Bf8 24. Be3 Rd3 25. Re2 Rd1 26. Ree1 Rxe1 27.
Rxe1 Qc7 28. Rf1 Rd7 29. Bf4 g6 30. Qf3 Qd8 31. h3 Rd3 32. Qb7 Rd1 33. Rxd1
Qxd1+ 34. Kh2 Qd4 {[#]} 35. Bg3 $2 (35. Qf3 $1 h6 36. Bg3 $11) 35... h5 36. Qb8
(36. h4 g5 $1) 36... h4 37. Be1 Kg7 38. g4 {Führt praktisch zum Mattangriff
bzw. Verlust der Königsflügelbauern.} (38. Ba5 Be7 $19 {[%cal Re7g5,Rg5f4]}) (
38. Qc7 Be7 $1 39. Qxe7 Qxe5+ 40. g3 Qe2+ $19) 38... Be7 39. Kg2 Qe4+ 40. Kf1
Qh1+ (40... Qf3+ $142 41. Bf2 (41. Kg1 Bg5 42. Bf2 Be3 $19) 41... Qxh3+ $19)
41. Ke2 Qe4+ 42. Kd1 Qd3+ 43. Bd2 Qxh3 (43... Bg5 44. Qd6 Qb1+ 45. Ke2 Qxa2 46.
Qd3 Bxd2 47. Qxd2 Qxd2+ 48. Kxd2 f5 $19) 44. Qc7 Qxg4+ 45. Kc1 Bg5 0-1

[Event "Madrid Magistral 7th"]
[Site "Madrid"]
[Date "1998.05.13"]
[Round "3"]
[White "Illescas Cordoba, Miguel"]
[Black "Yermolinsky, Alex"]
[Result "1-0"]
[WhiteElo "2600"]
[BlackElo "2660"]
[Annotator "Illescas Cordoba,M"]
[PlyCount "87"]
[EventDate "1998.05.11"]
[EventType "tourn"]
[EventRounds "9"]
[EventCountry "ESP"]
[EventCategory "17"]
[SourceTitle "CBM 065"]
[Source "ChessBase"]
[SourceDate "1998.08.06"]
[SourceVersion "1"]
[SourceVersionDate "1998.08.06"]
[SourceQuality "1"]

1. e4 {Lukacs Hansen,Cu} c5 2. Nc3 e6 3. Nf3 d6 4. d4 cxd4 5. Nxd4 Nf6 6. Be2
Be7 7. O-O Nc6 8. Be3 Bd7 {[%cal Gc6d4,Yd7c6]} 9. Nb3 a6 10. f4 (10. a4 {
Lukacs Lukacs: is usual to restrict Black's activity on the <<.}) 10... b5 {
[%cal Rb5b4]} 11. a3 {Lukacs: In most of the cases the structure a4-b6 is
better for White, than the a3-b5.} O-O 12. Bf3 (12. g4 e5 $5 {[%cal Gd8h4]})
12... Qc7 {Hansen,Cu: It looks as if black has a better version of the
Scheveningen variation than usual. He has been allowed to play b7-b5 -
something white usually stops with a2-a4} 13. g4 {[%csl Ge4,Gf4,Rg1,Gg4]} (13.
Qe2 $142) (13. Qe2 {Lukacs} Rab8 14. g4 Bc8 15. Qg2 (15. g5 Nd7 {/\ Bb7}) 15...
Nd7 16. g5 (16. e5 Bb7 $1) 16... Re8 17. h4 (17. f5 Nde5 18. f6 Bf8) 17... Nb6
18. Rae1 Nc4 (18... Na4 $5) 19. Bc1 Bf8 20. h5 b4 (20... Ne7 $6 21. Nd1 Bb7 22.
Ne3 d5 $5 23. e5 $1 Nxe3 24. Bxe3 Nf5 25. Nd4 $16 {Prandstetter-Qijing Xuan
Taxco izt. 1995}) 21. axb4 Nxb4 $13) 13... Bc8 {[%csl Gd7]} 14. g5 Nd7 15. Bg2
$6 (15. Qe2 Nb6 16. Rad1 Nc4 17. Bc1 $13) 15... Nb6 (15... Re8 {Lukacs}) 16. f5
Nc4 $36 {[%csl Gc4]} 17. Bc1 {[%csl Ra1] Hansen,Cu: This manouvre - Nb6-c4
answered with Be3-c1 - is quite normal. However in this situation whites R on
al has been denied access to the center/K-side. White should have played Qe2
and Rad1 to be able to play Be3-c1 without having a stupid R on al} Re8 $1 {
[%cal Ge7f8]} 18. Qh5 {[%cal Rg5g6,Yf3h3,Yf1f3]} (18. f6 Bf8) 18... N6e5 {
[%csl Gf3,Gg6] Lukacs: In comparision to the main lines with a4-b6 Black has
much more possibilities. White plays his standard >> -> plan, but the black N
is more dangerous on the <<, than usual.} 19. Kh1 {[%cal Ra7g1,Yb3d4]} Qb6 {
[%csl Rb3,Rd4] Hansen,Cu: Blacks stops Nb3-d4 - temporarily. But now white
gains some tempi by indirectly attacking f7} (19... Bb7 {Lukacs Lukacs:
deserved attention.}) 20. Bf4 {[%csl Ga1]} (20. fxe6 {Lukacs} Bxe6 21. Nd5 Bxd5
22. exd5 Ne3 $15) 20... Bd7 $6 (20... Ra7 $17 {[%cal Ga7h7]}) (20... Nxb2 $5) (
20... Nxb2 $2 {Hansen,Cu} 21. Bxe5 dxe5 22. f6 Bf8 23. fxg7 Bxg7 24. Qxf7+ $18
{Hansen,Cu: In this line blacks Q would have been better placed on c7}) (20...
Bf8 {Hansen,Cu} 21. Rad1 Nxb2 $5) 21. Rad1 $132 {[%csl Yd7][%cal Gd2d6,Gd1d6]}
Bf8 {Hansen,Cu: White has almost placed his pieces the way he wants. Blacks
should at least have taken the b-P. He is going to be attacked anyway} 22. Nd4
$2 (22. Bxe5 $142 Nxe5 23. Nd4 $15 b4 24. axb4 Qxb4 25. Nf3 $5) (22. f6 g6 23.
Qh4 Qc7 $17 {[%csl Gc4,Ge5]}) 22... g6 $4 (22... Nxb2 $17 23. Bxe5 (23. fxe6
fxe6) 23... Nxd1 $1 24. fxe6 (24. g6 fxg6 25. fxg6 h6 $19) 24... fxe6 25. Qf7+
Kh8 26. g6 dxe5 27. gxh7 Be7 $19) 23. Qh4 $40 {[%cal Yf1f7]} Bg7 {Lukacs: Only
this move gives White an irresistable ->.} (23... Nxb2 $2 24. Bxe5 dxe5 (24...
Nxd1 $2 25. fxg6 fxg6 26. Rf7 Nf2+ $1 27. Kg1 $1 $18) 25. fxg6 fxg6 26. Rf7 h5
27. gxh6 Kxf7 28. Rf1+ (28. h7 $2 Nxd1 29. h8=Q Bg7 $8 $19) 28... Kg8 29. Qg5
Re7 30. Qxg6+ Kh8 31. Nd5 $1 $18) (23... Rac8 {Lukacs}) 24. f6 (24. b3 $1 Nxa3
{[%csl Ra3]} 25. Bxe5 $1 dxe5 (25... Bxe5 $2 26. fxg6 fxg6 27. Rf7 h5 28. Rxd7
$16 Bxd4 29. e5 $1 $18) 26. fxg6 hxg6 $1 (26... fxg6 27. Nf5 exf5 28. Rxd7 $40)
27. Nf5 (27. Qf2 $2 Rf8 28. Nf5 Qxf2 29. Ne7+ Kh7 30. Rxf2 Ra7 31. Rf3 Bh8 $8
$17) 27... exf5 28. Rxd7 Qc6 (28... Rad8 29. Nd5 Qc5 30. Rc7 Qd4 31. c3 $1 Qd3
32. exf5 Rxd5 33. fxg6 fxg6 34. Rff7 Qb1+ 35. Bf1 $18) 29. exf5 $1 (29. Rxf7
Kxf7 $1 (29... Qxc3 30. Rxg7+ Kxg7 31. Qh6+ $16) (29... f4 30. Rxg7+ Kxg7 31.
Qh6+ Kf7 32. Qh7+ Kf8 33. Nd5 $18) 30. exf5 Qxc3 31. f6 (31. fxg6+ Ke7 32. Qe4
Rf8 $1 (32... Ra7 33. Rf7+ Kd8 34. Qd5+ Kc8 35. Bh3+ Kb8 36. Qd6+ Qc7 37. Rxc7
Rxc7 38. Qxa3 $16) 33. Qb7+ Ke6 34. Qd5+ Ke7 $11) 31... e4 $1 32. fxg7+ (32.
Bxe4 Qe5 $1 33. fxg7+ Kxg7 34. Qh6+ Kg8 35. Bxa8 Qd6 36. Bg2 Nxc2 $132) 32...
Kxg7 33. Qh6+ Kg8 34. Bxe4 $1 Rxe4 35. Qxg6+ Qg7 36. Qxe4 Rf8 $11) 29... Qxd7
30. fxg6 fxg6 31. Bd5+ Re6 32. Bxa8 $16) 24... Bf8 25. b3 Nxa3 {[%csl Ra3]
Hansen,Cu: So black got his P. But a3 is not as important as b2 would have
been. Now Na3 is out of the game, it cannot return to c4, and whites
P-structure is not seriously damaged} 26. Bxe5 dxe5 27. Nf5 $1 {[%csl Rd7]
[%cal Yd1d7,Yf5h6]} (27. Nf3 $6 Qc7 28. Nxe5 (28. Rxd7 $2 Qxd7 29. Nxe5 Qc7 30.
Nxg6 fxg6 $1 (30... hxg6 $2 31. Rf3 $18) 31. f7+ Kh8 32. fxe8=Q Rxe8 33. Ne2
Nxc2 34. Nf4 Kg8 $17) 28... Qxe5 (28... Bc8 $2 29. Nxg6 $1 hxg6 30. Rd3 e5 31.
Rf5 $18) (28... Qxc3 $2 29. Nxd7 $18) 29. Rxd7 Qxc3 $1 (29... h6 30. gxh6 Qxc3
31. h7+ Kh8 32. Rxf7 Qe5 33. Rg1 $1 Qh5 (33... Nxc2 34. Bf1 Qc3 35. Be2 $18 Qd2
36. Rxg6 Bh6 37. Rfg7 $1) 34. Qxh5 gxh5 35. e5 $18) 30. Rxf7 h5 31. gxh6 Kxf7
32. h7 Bg7 $3 (32... Bd6 33. Qh6 $18) 33. fxg7+ Kxg7 34. h8=Q+ Rxh8 35. Qe7+
Kh6 36. Rf4 $5 (36. Qh4+ $11) 36... Qe1+ 37. Bf1 Nxc2 $1 (37... Rae8 38. Rh4+
Qxh4 39. Qxh4+ Kg7 40. Qe1 $16) 38. Rh4+ Qxh4 39. Qxh4+ Kg7 40. Qe7+ Kh6 $11)
27... exf5 (27... gxf5 $2 {Lukacs} 28. Rxd7 $18 {/\ Rf7!}) 28. Rxd7 {Lukacs:
The R penetrates the seventh rank attacking >< f7. Hansen,Cu: Black loses
because he does not have enough control over the white squares - f7, f5, d5}
Qe6 $2 (28... Ra7 $1 {[%cal Ga7f7]} 29. Rxa7 (29. Nd5 Qb8 30. Rxa7 Qxa7 31.
exf5 Nxc2 32. Ne7+ Bxe7 33. Bd5 Bf8 34. fxg6 hxg6 35. Qe4 Kh8 36. Qh4+ Kg8 37.
Qe4 $11) (29. Rd3 f4 30. Rh3 h6 $13) 29... Qxa7 30. exf5 Nxc2 31. Be4 Qd4 32.
fxg6 hxg6 33. Qh3 Qe3 34. Qd7 Qxc3 35. Qxe8 Ne3 36. Rg1 (36. Bxg6 Qxb3 $1)
36... Qd4 37. Bf3 Qf4 38. Qa8 Qb4 $14) (28... Nxc2 $4 {Lukacs} 29. Rxf7 $1 Kxf7
30. Qxh7+ Ke6 31. Qxg6 {Lukacs: and Black collapses soon.}) (28... f4 {Lukacs}
29. Rxf7 $1 Kxf7 30. Qxh7+ Ke6 31. Rd1 {Lukacs: The center is not a healthy
place for the K in this open position!}) 29. Rfd1 $1 {[%csl Ra8]} (29. Rb7 Rad8
$132) 29... Nxc2 (29... Rac8 30. exf5 gxf5 (30... Qxf5 {Lukacs} 31. Rxf7 $1 h6
32. Bd5) 31. Ne4 $1 fxe4 (31... Rxc2 32. g6 $18) 32. Bxe4 h6 33. g6 $18) (29...
f4 $2 30. Bh3 Qc6 31. Rxf7 $18) 30. exf5 gxf5 {[#]} (30... Qxf5 {Lukacs} 31.
Rxf7 $18) 31. Rc7 $6 {[%csl Rf7][%cal Rg2d5] /\ Bd5} (31. Ne4 $1 {[%cal Yg5g6,
Ye4g5]} Nd4 (31... fxe4 32. Bxe4 h6 33. g6 $18) (31... Qxb3 {Lukacs} 32. g6
hxg6 33. Ng5) 32. g6 $18 {[%cal Re4g5]}) 31... Rad8 (31... Rac8 32. Bd5 Rxc7
33. Bxe6 fxe6 (33... Rxe6 $2 34. Rd8) 34. Qh5 Rec8 35. g6 $16) 32. Bd5 $1 (32.
Rg1 Rd7 $1) 32... Rxd5 $8 33. Nxd5 $4 $138 {[%csl Rd1,Rd5,Rh1]} (33. Rxd5 b4 (
33... Rc8 34. Rxe5 $1 Qxe5 35. g6 $1 hxg6 36. Rxc8 Qd6 37. Qh6 Qc6+ 38. Rxc6
Bxh6 39. Rxa6 $16) 34. Qh5 $1 {[%cal Rd5e5]} Rc8 (34... bxc3 35. Rxe5 Qxb3 36.
Rxe8 Qd5+ 37. Kg1 Qd4+ 38. Kg2 Qd2+ 39. Qe2 Qxg5+ 40. Kf1 Qc1+ 41. Kf2 Qf4+ 42.
Kg1 Qc1+ 43. Qf1 $18) 35. Rxe5 $8 Rxc7 36. Rxe6 fxe6 37. Ne2 $16) 33... Nd4 $1
$19 (33... Rd8 34. Ne7+ Bxe7 35. Rxd8+ Bxd8 36. Rxc2 Qd5+ 37. Rg2 Bb6 $17) (
33... Rd8 $5 {Lukacs Lukacs: has to be played now.}) 34. Ne3 Qxb3 $4 (34... f4
$1 {[%csl Yd5,Rh1]} 35. g6 hxg6 36. Rg1 Be7 $3 (36... fxe3 {Lukacs} 37. Rxg6+
$18) 37. Rxe7 Rxe7 38. fxe7 fxe3 $19) (34... Rc8 35. Rxc8 Qxc8 36. Rxd4 exd4
37. Qxd4 $17) 35. g6 $1 hxg6 36. Rg1 $1 $18 {[%cal Gc7h7,Yg1g6,Rh4h7]} Bg7 (
36... Be7 37. Qh6 $1 Ne6 38. Rxg6+ fxg6 39. Qxg6+ Kf8 40. fxe7+ Rxe7 41. Rc8+
Nd8 42. Rxd8+ Re8 43. Rxe8#) 37. Rxg6 $1 (37. fxg7 Kxg7 $13) 37... Qb1+ (37...
Ne6 38. fxg7 $18 (38. Rxg7+ $18)) 38. Kg2 (38. Rg1 $4 Qxg1+ $19) 38... Ne6 (
38... Qb2+ {Lukacs} 39. Kh3 $18) 39. Rxg7+ (39. fxg7 $4 Nf4+ $19) 39... Nxg7
40. fxg7 (40. Qg5 Qe4+ 41. Kg1 Qb1+ 42. Nf1 $18) (40. Qg3 Qe4+ 41. Kg1 $18 (41.
Kg1 {Lukacs} Qb1+ 42. Nf1 $18)) 40... Kxg7 (40... Qe4+ 41. Qxe4 fxe4 42. Nf5
$18 {[%cal Yc7c6,Yc6h6,Yh6h8]}) 41. Qg5+ Kf8 42. Qh6+ Kg8 43. Qg5+ Kf8 44. Qh5
$1 (44. Qh5 Qa2+ (44... Qe4+ 45. Kf2 Qf4+ 46. Ke2 $18) 45. Kh3 Kg8 46. Qg5+ $18
(46. Qg5+ {Lukacs} Kh7 (46... Kf8 47. Nxf5 Qb3+ 48. Kh4 Qa4+ 49. Kh5 Qd1+ 50.
Kh6) 47. Qh4+ Kg6 48. Rc1 $18)) 1-0